<?xml version="1.0" encoding="UTF-8"?>
<record
    xmlns:xsi="http://www.w3.org/2001/XMLSchema-instance"
    xsi:schemaLocation="http://www.loc.gov/MARC21/slim http://www.loc.gov/standards/marcxml/schema/MARC21slim.xsd"
    xmlns="http://www.loc.gov/MARC21/slim">

  <leader>02297nam a2200277 a 4500</leader>
  <controlfield tag="001">000021494</controlfield>
  <controlfield tag="003">OSt</controlfield>
  <controlfield tag="005">20210126094139.0</controlfield>
  <controlfield tag="008">100908s2010   dr a    r     000 0 spa d</controlfield>
  <datafield tag="040" ind1=" " ind2=" ">
    <subfield code="a">DO-SdBNP</subfield>
    <subfield code="b">spa</subfield>
    <subfield code="c">BNPHU</subfield>
  </datafield>
  <datafield tag="082" ind1=" " ind2="4">
    <subfield code="a">352.48</subfield>
    <subfield code="b">R426p 2010</subfield>
    <subfield code="2">22</subfield>
  </datafield>
  <datafield tag="110" ind1="1" ind2=" ">
    <subfield code="a">Rep&#xFA;blica Dominicana.</subfield>
    <subfield code="b">Ministerio de Hacienda.</subfield>
    <subfield code="9">32266</subfield>
  </datafield>
  <datafield tag="245" ind1="1" ind2="0">
    <subfield code="a">Presupuestos de ingresos y ley de gastos p&#xFA;blicos, 2010</subfield>
  </datafield>
  <datafield tag="246" ind1="1" ind2="3">
    <subfield code="a">Informe explicativo 20210</subfield>
  </datafield>
  <datafield tag="260" ind1=" " ind2=" ">
    <subfield code="a">Santo Domingo :</subfield>
    <subfield code="b">Ministerio de Hacienda, </subfield>
    <subfield code="c">2010</subfield>
  </datafield>
  <datafield tag="300" ind1=" " ind2=" ">
    <subfield code="a">2v. :</subfield>
    <subfield code="b">il. ;</subfield>
    <subfield code="c">28 cm.</subfield>
  </datafield>
  <datafield tag="500" ind1=" " ind2=" ">
    <subfield code="a"> </subfield>
  </datafield>
  <datafield tag="505" ind1=" " ind2=" ">
    <subfield code="g">v.1.</subfield>
    <subfield code="a">Presupuesto del Gobierno Central </subfield>
    <subfield code="t">Informe explicativo - </subfield>
    <subfield code="t">Primera parte :  Presupuesto de ingresos y ley de gastos p&#xFA;blicos --  </subfield>
    <subfield code="t">Segunda parte : Informaci&#xF3;n de los ingresos </subfield>
    <subfield code="t">Gr&#xE1;ficos de los ingresos -- </subfield>
    <subfield code="t">Informaci&#xF3;n de los gastos -- </subfield>
    <subfield code="t">Gr&#xE1;ficos  sobre los gastos </subfield>
    <subfield code="t">Recursos externos y contrapartidas por Ministerio de Estado --</subfield>
    <subfield code="t">Transferencias a instituciones por fuentes de financiamientos -- </subfield>
    <subfield code="t">Proyectos por programas, fuentes y organismo financiador, seg&#xFA;n capitulos --</subfield>
    <subfield code="t">Pol&#xED;tica fiscal y el proyecto de presupuesto 2010-2012 --</subfield>
    <subfield code="t">Estimaci&#xF3;n de los gastos tributarios --</subfield>
    <subfield code="t">Matriz de gastos tributarios-- </subfield>
    <subfield code="t">Tercera parte : Distribuci&#xF3;n institucional de los gastos apropiados : Poder Legislativo </subfield>
    <subfield code="t">Poder Ejecutivo --</subfield>
    <subfield code="t">Poder Judicial --</subfield>
    <subfield code="t">Organismo especiales --</subfield>
    <subfield code="t">Programas virtuales </subfield>
    <subfield code="t">Cuarta parte : Transferencias corrientes a asociaciones sin fines de lucro (ASFL).</subfield>
  </datafield>
  <datafield tag="505" ind1=" " ind2=" ">
    <subfield code="g">v.2. : Presupuesto de ingresos y gastos de las instituciones descentralizadas y aut&#xF3;nomas no financieras --</subfield>
    <subfield code="t">Informaciones sobre los ingresos a&#xF1;o 2010 --</subfield>
    <subfield code="t">Informaciones sobre los gastos a&#xF1;o 2010 --</subfield>
    <subfield code="t">Distribuci&#xF3;n institucional de los gastos apropiados --</subfield>
    <subfield code="t">Segunda parte : Presupuesto de ingresos y gastos de las instituciones p&#xFA;blicas de la Seguridad Social </subfield>
    <subfield code="t">Informaciones sobre los ingresos a&#xF1;o 2010 --</subfield>
    <subfield code="t">Informaciones sobre los gastos a&#xF1;o 2010 --</subfield>
    <subfield code="t">Distribuci&#xF3;n institucional de los gastos apropiados.</subfield>
  </datafield>
  <datafield tag="590" ind1=" " ind2=" ">
    <subfield code="a">Inventariado, 2021/VM</subfield>
  </datafield>
  <datafield tag="650" ind1=" " ind2="4">
    <subfield code="a">Presupuesto</subfield>
    <subfield code="x">Legislaci&#xF3;n</subfield>
    <subfield code="z">Rep&#xFA;blica Dominicana</subfield>
    <subfield code="9">7940</subfield>
  </datafield>
  <datafield tag="650" ind1=" " ind2="4">
    <subfield code="a">Hacienda p&#xFA;blica</subfield>
    <subfield code="z">Rep&#xFA;blica Dominicana</subfield>
    <subfield code="9">6562</subfield>
  </datafield>
  <datafield tag="651" ind1=" " ind2="4">
    <subfield code="a">Gastos p&#xFA;blicos</subfield>
    <subfield code="z">Rep&#xFA;blica Dominicana</subfield>
    <subfield code="9">44806</subfield>
  </datafield>
  <datafield tag="910" ind1=" " ind2=" ">
    <subfield code="a">VMateo/Validado. Control de calidad MFF</subfield>
  </datafield>
  <datafield tag="942" ind1=" " ind2=" ">
    <subfield code="2">ddc</subfield>
    <subfield code="c">LBS1</subfield>
  </datafield>
  <datafield tag="952" ind1=" " ind2=" ">
    <subfield code="0">0</subfield>
    <subfield code="1">0</subfield>
    <subfield code="2">ddc</subfield>
    <subfield code="5">3</subfield>
    <subfield code="7">2</subfield>
    <subfield code="8">PD</subfield>
    <subfield code="a">BNPHU</subfield>
    <subfield code="b">PD</subfield>
    <subfield code="c">HD</subfield>
    <subfield code="d">2021-01-12</subfield>
    <subfield code="e">DIGEPRES</subfield>
    <subfield code="l">0</subfield>
    <subfield code="o">BNPHU PD 352.48 R426p 2010</subfield>
    <subfield code="p">2021-0066</subfield>
    <subfield code="r">2021-01-12</subfield>
    <subfield code="t">v.1</subfield>
    <subfield code="w">2021-01-12</subfield>
    <subfield code="y">LFPD</subfield>
  </datafield>
  <datafield tag="952" ind1=" " ind2=" ">
    <subfield code="0">0</subfield>
    <subfield code="1">0</subfield>
    <subfield code="2">ddc</subfield>
    <subfield code="5">1</subfield>
    <subfield code="7">2</subfield>
    <subfield code="8">PD</subfield>
    <subfield code="a">BNPHU</subfield>
    <subfield code="b">PD</subfield>
    <subfield code="c">HD</subfield>
    <subfield code="d">2021-01-12</subfield>
    <subfield code="e">DIGEPRES</subfield>
    <subfield code="l">0</subfield>
    <subfield code="o">BNPHU PD 352.48 R426p 2010</subfield>
    <subfield code="p">2021-0067</subfield>
    <subfield code="r">2021-01-12</subfield>
    <subfield code="t">v.1, e.2</subfield>
    <subfield code="w">2021-01-12</subfield>
    <subfield code="y">LFPD</subfield>
  </datafield>
  <datafield tag="952" ind1=" " ind2=" ">
    <subfield code="0">0</subfield>
    <subfield code="1">0</subfield>
    <subfield code="2">ddc</subfield>
    <subfield code="5">6</subfield>
    <subfield code="7">0</subfield>
    <subfield code="8">DS</subfield>
    <subfield code="a">BNPHU</subfield>
    <subfield code="b">GR</subfield>
    <subfield code="c">HD</subfield>
    <subfield code="d">2021-01-12</subfield>
    <subfield code="e">DIGEPRES</subfield>
    <subfield code="l">0</subfield>
    <subfield code="o">BNPHU DS 352.48 R426p 2010</subfield>
    <subfield code="p">2021-0068</subfield>
    <subfield code="r">2021-01-12</subfield>
    <subfield code="t">v.1, e.3</subfield>
    <subfield code="w">2021-01-12</subfield>
    <subfield code="y">LFDS</subfield>
  </datafield>
  <datafield tag="952" ind1=" " ind2=" ">
    <subfield code="0">0</subfield>
    <subfield code="1">0</subfield>
    <subfield code="2">ddc</subfield>
    <subfield code="5">1</subfield>
    <subfield code="7">1</subfield>
    <subfield code="8">DS</subfield>
    <subfield code="a">BNPHU</subfield>
    <subfield code="b">PD</subfield>
    <subfield code="c">HD</subfield>
    <subfield code="d">2021-01-12</subfield>
    <subfield code="e">DIGEPRES</subfield>
    <subfield code="l">0</subfield>
    <subfield code="o">BNPHU DS 352.48 R426p,2010</subfield>
    <subfield code="p">2021-0069</subfield>
    <subfield code="r">2021-01-12</subfield>
    <subfield code="t">v.2, e.3</subfield>
    <subfield code="w">2021-01-12</subfield>
    <subfield code="y">LFDS</subfield>
  </datafield>
  <datafield tag="952" ind1=" " ind2=" ">
    <subfield code="0">0</subfield>
    <subfield code="1">0</subfield>
    <subfield code="2">ddc</subfield>
    <subfield code="5">1</subfield>
    <subfield code="7">2</subfield>
    <subfield code="8">PD</subfield>
    <subfield code="a">BNPHU</subfield>
    <subfield code="b">PD</subfield>
    <subfield code="c">HD</subfield>
    <subfield code="d">2021-01-12</subfield>
    <subfield code="e">DIGEPRES</subfield>
    <subfield code="l">0</subfield>
    <subfield code="o">BNPHU PD 352.48 R426p 2010</subfield>
    <subfield code="p">2021-0070</subfield>
    <subfield code="r">2021-01-12</subfield>
    <subfield code="t">v.2, e.2</subfield>
    <subfield code="w">2021-01-12</subfield>
    <subfield code="y">LFPD</subfield>
  </datafield>
  <datafield tag="952" ind1=" " ind2=" ">
    <subfield code="0">0</subfield>
    <subfield code="1">0</subfield>
    <subfield code="2">ddc</subfield>
    <subfield code="5">1</subfield>
    <subfield code="7">2</subfield>
    <subfield code="8">PD</subfield>
    <subfield code="a">BNPHU</subfield>
    <subfield code="b">PD</subfield>
    <subfield code="c">HD</subfield>
    <subfield code="d">2021-01-12</subfield>
    <subfield code="e">DIGEPRES</subfield>
    <subfield code="l">0</subfield>
    <subfield code="o">BNPHU PD 352.48 R426p 2010</subfield>
    <subfield code="p">2021-0071</subfield>
    <subfield code="r">2021-01-12</subfield>
    <subfield code="t">v.2</subfield>
    <subfield code="w">2021-01-12</subfield>
    <subfield code="y">LFPD</subfield>
  </datafield>
  <datafield tag="999" ind1=" " ind2=" ">
    <subfield code="c">49312</subfield>
    <subfield code="d">49312</subfield>
  </datafield>
</record>
